[Event "Santa Fe Litoral op 2nd"]
[Site "Santa Fe"]
[Date "2022.11.12"]
[Round "4"]
[White "Straini, Nahuel"]
[Black "Dib, Nadir"]
[Result "1-0"]
[WhiteElo "1955"]
[BlackElo "1722"]
[PlyCount "66"]
[EventDate "2022.11.10"]
[EventType "swiss"]
[EventRounds "7"]
[EventCountry "ARG"]
[SourceTitle "CBM 211 Extra"]
[Source "ChessBase"]
[SourceDate "2023.01.31"]
[SourceVersion "1"]
[SourceVersionDate "2023.01.31"]
[SourceQuality "1"]

1. d4 Nf6 2. Bf4 g6 3. e3 Bg7 4. Nf3 0-0 5. Be2 d6 6. 0-0 b6 7. c4 Bb7 8. Nc3 Nbd7 9. Qc2 c5 10. d5 a6 11. e4 Nh5 12. Be3 h6 13. Nd2 Nhf6 14. f4 e6 15. a4 exd5 16. cxd5 Qe7 17. Bf2 Nxd5 18. exd5 Bxc3 19. bxc3 Qxe2 20. Rae1 Qg4 21. h3 Qf5 22. Qxf5 gxf5 23. Re7 Rad8 24. c4 b5 25. axb5 axb5 26. Rb1 b4 27. Bh4 Rfe8 28. Rbe1 Kf8 29. Nb3 Ba6 30. Na5 f6 31. R7e6 Kf7 32. Nc6 Ra8 33. Re7+ Kg6 1-0

[Event "Santa Fe op"]
[Site "Santa Fe"]
[Date "2020.02.15"]
[Round "5"]
[White "Dib, Nadir"]
[Black "Leitner, Federico"]
[Result "1-0"]
[WhiteElo "1718"]
[BlackElo "1355"]
[PlyCount "37"]
[EventDate "2020.02.08"]
[EventType "swiss"]
[EventRounds "7"]
[EventCountry "ARG"]
[SourceTitle "CBM 195 Extra"]
[Source "ChessBase"]
[SourceDate "2020.05.31"]
[SourceVersion "1"]
[SourceVersionDate "2020.05.31"]
[SourceQuality "1"]

1. e4 e6 2. d4 d5 3. Nd2 c5 4. exd5 Qxd5 5. Ngf3 cxd4 6. Bc4 Qd6 7. 0-0 Nc6 8. Nb3 Nf6 9. Nbxd4 a6 10. Bg5 Qc7 11. Nxc6 Qxc6 12. Ne5 Qc5 13. Qe2 Be7 14. Rad1 b5 15. Bb3 Bb7 16. Bxf6 gxf6 17. Nxf7 Qc6 18. Nd6+ Kd8 19. Nxb7+ 1-0

[Event "Santa Fe op"]
[Site "Santa Fe"]
[Date "2020.02.09"]
[Round "3"]
[White "Dib, Nadir"]
[Black "Hase, Yasser"]
[Result "1/2-1/2"]
[WhiteElo "1718"]
[BlackElo "1552"]
[PlyCount "75"]
[EventDate "2020.02.08"]
[EventType "swiss"]
[EventRounds "7"]
[EventCountry "ARG"]
[SourceTitle "CBM 195 Extra"]
[Source "ChessBase"]
[SourceDate "2020.05.31"]
[SourceVersion "1"]
[SourceVersionDate "2020.05.31"]
[SourceQuality "1"]

1. e4 e5 2. Nf3 Nc6 3. Bb5 a6 4. Ba4 b5 5. Bb3 Nf6 6. d3 d5 7. exd5 Nxd5 8. 0-0 Be7 9. h3 Be6 10. Re1 Qd6 11. Nbd2 Nf4 12. Ne4 Qd7 13. Bxe6 Nxe6 14. Ng3 Bf6 15. a4 b4 16. Be3 Rd8 17. Ne4 Be7 18. Nfg5 Nxg5 19. Nxg5 0-0 20. Qh5 Bxg5 21. Bxg5 f6 22. Bd2 Qf7 23. Qh4 Rd4 24. Qg3 Rfd8 25. Be3 R4d7 26. Bc5 Rd5 27. Qe3 Nd4 28. Bxd4 Rxd4 29. Qf3 Qd5 30. Qxd5+ R4xd5 31. c3 a5 32. f3 Kf7 33. Kf2 c5 34. Re4 f5 35. Re3 Kf6 36. Rae1 h5 37. g3 g5 38. Kg2 1/2-1/2